Countries: Categories - Statistics

General Stats
  • This quiz has been taken 36 times
  • The average score is 28 of 40
Answer Stats
Question Tile Select % Correct
Caribbean Barbados Yes
100%
Countries with a Capital Starting with "K" Jamaica Yes
97%
Countries with a Capital Starting with "K" Myanmar No
97%
Caribbean Solomon Islands No
97%
Caribbean St. Kitts & Nevis Yes
97%
Caribbean São Tomé and Príncipe No
93%
Countries with a Capital Starting with "K" Afghanistan Yes
90%
Countries with Red on their Flags Liechtenstein Yes
90%
Countries Smaller than Australia Brazil No
87%
Former Soviet Union Estonia Yes
87%
Countries Smaller than Australia Argentina Yes
83%
Countries Bordering Russia Bulgaria No
83%
Countries Inhabiting at least 1% of the World Population (Mainland Only) Ethiopia Yes
83%
European Union Member Latvia Yes
80%
Countries Bordering Russia Poland Yes
80%
Former Soviet Union Azerbaijan Yes
77%
Countries with a Capital Starting with "K" Nepal Yes
77%
Former Soviet Union Romania No
77%
Countries Declaring English as Official Language (Not just de facto) Singapore Yes
77%
European Union Member Finland Yes
73%
Countries with Red on their Flags Honduras No
73%
Former Soviet Union Moldova Yes
70%
Countries Bordering Russia Norway Yes
70%
Ranked Top 10 Most Powerful Passports South Korea Yes
70%
Countries Inhabiting at least 1% of the World Population (Mainland Only) Thailand No
70%
Countries Inhabiting at least 1% of the World Population (Mainland Only) Turkey Yes
70%
Countries with Red on their Flags Kiribati Yes
67%
Countries Inhabiting at least 1% of the World Population (Mainland Only) France No
63%
Countries Smaller than Australia Kazakhstan Yes
63%
Ranked Top 10 Most Powerful Passports Spain Yes
63%
Countries with Red on their Flags Gabon No
57%
Ranked Top 10 Most Powerful Passports Vatican City No
57%
European Union Member Andorra No
53%
Countries Smaller than Australia India Yes
53%
Ranked Top 10 Most Powerful Passports San Marino No
53%
European Union Member Norway No
50%
Countries Declaring English as Official Language (Not just de facto) United States No
37%
Countries Bordering Russia Armenia No
33%
Countries Declaring English as Official Language (Not just de facto) Pakistan Yes
33%
Countries Declaring English as Official Language (Not just de facto) New Zealand No
3%
No matching quizzes found
Score Distribution
Percent of People with Each Score
Percentile by Number Answered
Your Score History
You have not taken this quiz